LEADER 00793nam0-22002891i-450- 001 990001135720403321 035 $a000113572 035 $aFED01000113572 035 $a(Aleph)000113572FED01 035 $a000113572 100 $a20000920d1981----km-y0itay50------ba 101 1$aeng 200 1 $aComplessità numerica$fdi Bini, D., Capovani, M., Lotti, G., Romani,F. 210 $aTorino$cBoringhieri$d1981 225 1 $aSerie di informatica 700 1$aBini,$bDario$f<1950- >$027413 702 1$aCapovani,$bMilvio 702 1$aLotti,$bG. 702 1$aRomani,$bF. 801 0$aIT$bUNINA$gRICA$2UNIMARC 901 $aBK 912 $a990001135720403321 952 $a121-A-17$b6108$fMA1 959 $aMA1 996 $aComplessità numerica$9345196 997 $aUNINA DB $aING01 LEADER 01721oam 2200409 a 450 001 9910699516103321 005 20230902162246.0 035 $a(CKB)5470000002403769 035 $a(OCoLC)662452854 035 $a(EXLCZ)995470000002403769 100 $a20100907d2010 ua 0 101 0 $aeng 135 $aurbn||||||||| 181 $ctxt$2rdacontent 182 $cc$2rdamedia 183 $acr$2rdacarrier 200 10$aAmending the Act of June 18, 1934, to reaffirm the authority of the Secretary of the Interior to take land into trust for Indian tribes$b[electronic resource] $ereport (to accompany S. 1703) 210 1$a[Washington, D.C.] :$c[U.S. G.P.O.],$d[2010] 215 $a1 online resource (14 pages) 225 1 $aReport / 111th Congress, 2d session, Senate ;$v111-247 300 $aTitle from title screen (viewed on Sept. 6, 2010). 300 $a"August 5, 2010." 320 $aIncludes bibliographical references. 517 $aAmending the Act of June 18, 1934, to reaffirm the authority of the Secretary of the Interior to take land into trust for Indian tribes 606 $aFederal-Indian trust relationship 606 $aIndians of North America$xLand tenure 606 $aIndians of North America$xLegal status, laws, etc 615 0$aFederal-Indian trust relationship. 615 0$aIndians of North America$xLand tenure. 615 0$aIndians of North America$xLegal status, laws, etc. 801 0$bGPO 801 1$bGPO 801 2$bGPO 906 $aBOOK 912 $a9910699516103321 996 $aAmending the Act of June 18, 1934, to reaffirm the authority of the Secretary of the Interior to take land into trust for Indian tribes$93480384 997 $aUNINA